• 首页
  • 本馆介绍
  • 公告通知
  • 最新文献
  • 馆藏检索
  • 电子资源
  • 读者导购
  • 参考咨询
  • 我的图书馆
  • 登录
  • 详细信息显示
  • 放入我的书架
  • 预约/预借图书
  • 作者相关作品
  • 分类相关作品
  • 丛书相关作品
  • 出版社相关作品

书目信息

  • 表格格式
  • 工作单格式
  • 卡片格式
题名:
会计原理
    
 
作者: 杨纪琬 编著
分册:  
出版信息: 北京   中国财政经济出版社  1988.5
页数: 293页
开本: 20cm
丛书名:
单 册:
中图分类: F23
科图分类: 29.8
主题词: 会计--高等学校--教材
电子资源:
ISBN: 7-5005-0153-6
000 00681nam0 2200253 450
001 0188005111
005 20130329125103.0
010    @a7-5005-0153-6@dCNY2.10
011    @a7-5005-0153-6
100    @a20130329d1988 m y0chiy0110 ea
101 0  @achi
102    @aCN@b110000
105    @ay j 000yy
106    @ar
200 1  @a会计原理@9Hui;Kuai Ji Yuan Li @f杨纪琬等编著
210    @a北京@c中国财政经济出版社@d1988.5
215    @a293页@d20cm
300    @a高等财经院校试用教材
606 0  @a会计@x高等学校@x教材
690    @aF23@v1980
692    @a29.8@v1974
701  0 @a杨纪琬@9yang ji wan@4编著
801  0 @aCN@b91MARC@c20130904
905    @aBZT@dF23@e282@f9@sF23/282
    
    会计原理/杨纪琬等编著.-北京:中国财政经济出版社,1988.5
    293页;20cm
    高等财经院校试用教材
    
    ISBN 7-5005-0153-6:CNY2.10
    
●
相关链接 在五车中查询图书 在当当中查询图书 在豆瓣中查询图书


正题名:会计原理     索取号:F23/282         预约/预借

序号 登录号 条形码 馆藏地/架位号 状态 备注
1 2000137905   2000137905   旧书回溯/ [索取号:F23/282] 在馆    
2 2000143009   2000143009   旧书回溯/ [索取号:F23/282] 在馆    
3 2000143010   2000143010   旧书回溯/ [索取号:F23/282] 在馆    
4 2000145683   2000145683   旧书回溯/ [索取号:F23/282] 在馆    
5 2000146728   2000146728   旧书回溯/ [索取号:F23/282] 在馆    
6 2000146729   2000146729   旧书回溯/ [索取号:F23/282] 在馆    
7 2000146730   2000146730   旧书回溯/ [索取号:F23/282] 在馆    
8 2000149238   2000149238   旧书回溯/ [索取号:F23/282] 在馆    
9 2000149239   2000149239   旧书回溯/ [索取号:F23/282] 在馆    
山东省滨州职业学院图书馆 欢迎您!
大连网信软件有限公司© 版权所有